| 000 | 00736nam a2200229 a 4500 | ||
|---|---|---|---|
| 999 |
_c2307 _d2307 |
||
| 001 | 2307 | ||
| 003 | BD-JhCC | ||
| 005 | 20180304103048.0 | ||
| 008 | 171101s2001 bg a|||| ||a| 00| 0 en d | ||
| 020 | _a8170661277 | ||
| 035 | _a(BD-JhCC)2307 | ||
| 040 |
_aBD-JhCC _dBD-JhCC |
||
| 041 | _aben | ||
| 082 |
_a759.13 _bMIT 2001 |
||
| 100 | _aমিত্র, অশোক | ||
| 245 |
_aপশ্চিম ইওরোপের চিত্রকলা / _cঅশোক মিত্র |
||
| 260 |
_aকোলকাতা : _bআনন্দ পাবলিশার্স প্রাইভেট লিমিটেড, _c2001. |
||
| 300 |
_a160 p. : _bills; _c18 cm. |
||
| 650 | _aPainting Urope | ||
| 942 |
_2ddc _cBK |
||